|
|
|
|
| LEADER |
00000nam2a2200000 4500 |
| 001 |
255725 |
| 005 |
20231101233042.0 |
| 035 |
|
|
|a (RuTPU)RU\TPU\book\278251
|
| 035 |
|
|
|a RU\TPU\book\55434
|
| 090 |
|
|
|a 255725
|
| 100 |
|
|
|a 20140401d1956 m y0rusy50 ca
|
| 101 |
0 |
|
|a rus
|
| 102 |
|
|
|a RU
|
| 105 |
|
|
|a y j 001zy
|
| 200 |
0 |
|
|a Т. 2
|
| 210 |
|
|
|d 1956
|
| 215 |
|
|
|a 464 с.
|
| 320 |
|
|
|a Алф. указ.: с. 457-464.
|
| 461 |
|
1 |
|0 (RuTPU)RU\TPU\book\55432
|t Основы математического анализа
|o учебник для вузов
|f Г. М. Фихтенгольц
|v Т. 2
|d 1956-
|
| 606 |
1 |
|
|a Математический анализ
|2 stltpush
|3 (RuTPU)RU\TPU\subj\41236
|9 61042
|
| 610 |
1 |
|
|a математика
|
| 610 |
1 |
|
|a учебники
|
| 610 |
1 |
|
|a числовые ряды
|
| 610 |
1 |
|
|a сходимость
|
| 610 |
1 |
|
|a бесконечные произведения
|
| 610 |
1 |
|
|a ряд Тейлора
|
| 610 |
1 |
|
|a функциональные последовательности
|
| 610 |
1 |
|
|a несобственные интегралы
|
| 610 |
1 |
|
|a неявные функции
|
| 610 |
1 |
|
|a функциональные определители
|
| 610 |
1 |
|
|a криволинейные интегралы
|
| 610 |
1 |
|
|a двойные интегралы
|
| 610 |
1 |
|
|a тройные интегралы
|
| 610 |
1 |
|
|a ряды Фурье
|
| 675 |
|
|
|a 517(075.8)
|v 3
|
| 801 |
|
0 |
|a RU
|b 63413507
|c 20011209
|g PSBO
|
| 801 |
|
2 |
|a RU
|b 63413507
|c 20210601
|g PSBO
|
| 900 |
|
|
|a Математический анализ
|
| 942 |
|
|
|c BK
|